এলেবেলে / (Record no. 254)
[ view plain ]
| 000 -LEADER | |
|---|---|
| fixed length control field | 00742nam a2200241 a 4500 |
| 001 - CONTROL NUMBER | |
| JCCL Control Number | 254 |
| 003 - CONTROL NUMBER IDENTIFIER | |
| JCCL marc code | BD-JhCC |
| 005 - DATE AND TIME OF LATEST TRANSACTION | |
| control field | 20220811134024.0 |
| 008 - FIXED-LENGTH DATA ELEMENTS--GENERAL INFORMATION | |
| fixed length control field | 171003b2011 begp|||| |||| 000 0 beg d |
| 020 ## - INTERNATIONAL STANDARD BOOK NUMBER | |
| International Standard Book Number | 9844580447 |
| 035 ## - SYSTEM CONTROL NUMBER | |
| system control number | (BD-JhCC)254 |
| 040 ## - CATALOGING SOURCE | |
| Original cataloging agency | BD-JhCC |
| Modifying agency | BD-JhCC |
| 041 ## - LANGUAGE CODE | |
| Language code of Book | beg |
| 082 ## - DEWEY DECIMAL CLASSIFICATION NUMBER | |
| Classification number | 891.443 |
| Author mark and Year | AHE 2011 |
| 100 ## - MAIN ENTRY--PERSONAL NAME | |
| Personal name | আহমেদ ,হুমায়ূন |
| 245 ## - TITLE STATEMENT | |
| Title | এলেবেলে / |
| Statement of responsibility, etc | হুমায়ূন আহমেদ , |
| 250 ## - EDITION STATEMENT | |
| Edition statement | ১২তম |
| 260 ## - PUBLICATION, DISTRIBUTION, ETC. (IMPRINT) | |
| Place of publication, distribution, etc | ঢাকা ঃ |
| Name of publisher, distributor, etc | সময় প্রকাশন , |
| Date of publication, distribution, etc | ২০১১ |
| 300 ## - PHYSICAL DESCRIPTION | |
| Pagination | ৭৮ পৃঃ |
| Other physical details | ill |
| Dimensions | ২২ সেমি. |
| 700 ## - ADDED ENTRY--PERSONAL NAME | |
| Personal name | আহমেদ ,হুমায়ূন । |
| 942 ## - ADDED ENTRY ELEMENTS (KOHA) | |
| Source of classification or shelving scheme | Dewey Decimal Classification |
| Koha item type | Books |
| Koha issues (borrowed), all copies | 2 |
| Source of classification or shelving scheme | volume number | Damaged status | Not for loan | Home library | Current library | Shelving location | Date of accession | Total Checkouts | Full call number | Barcode | Date last seen | Date checked out | Copy number | Koha item type |
|---|---|---|---|---|---|---|---|---|---|---|---|---|---|---|
| Dewey Decimal Classification | V-1 | JCC Rouf Library | JCC Rouf Library | General Stacks | 10/03/2017 | 4 | 891.443 AHE 2011 | 1455 | 01/27/2026 | 01/20/2026 | C-1 | Books |